Rozhodování v marketingu.
Na trhu vznikajú dva problémy: medzi akými zákazníkmi vyberať a ako medzi nimi vyberať. Odpoveď na prvú otázku je doménou segmentácie trhu ako vstupnej etapy cieleného marketingu. Druhý problém je problémom rozhodovacím. Charakteristika hlavných krokov marketingového rozhodovania firmy ako základu v...
Uložené v:
| Hlavný autor: | |
|---|---|
| Médium: | Kapitola |
| Jazyk: | Czech |
| Predmet: | |
| Tagy: |
Žiadne tagy, Buďte prvý, kto otaguje tento záznam!
|
MARC
| LEADER | 00000naa a2200000 4500 | ||
|---|---|---|---|
| 001 | r009113 | ||
| 005 | 20220831084540.7 | ||
| 041 | 0 | |a cze | |
| 044 | |a [CS] | ||
| 245 | 1 | 0 | |a Rozhodování v marketingu. |c J. Koudelka |
| 520 | |a Na trhu vznikajú dva problémy: medzi akými zákazníkmi vyberať a ako medzi nimi vyberať. Odpoveď na prvú otázku je doménou segmentácie trhu ako vstupnej etapy cieleného marketingu. Druhý problém je problémom rozhodovacím. Charakteristika hlavných krokov marketingového rozhodovania firmy ako základu výberového postupu: rozhodnutia o hľadiskách, voľby škál, ocenenia segmentu, rozhodovania o váhach kritérií a rozhodnutia o porovnateľnosti. | ||
| 610 | 2 | 0 | |a marketing |
| 610 | 2 | 0 | |a rozhodovanie |
| 610 | 2 | 0 | |a zákazníci |
| 610 | 2 | 0 | |a firmy |
| 610 | 2 | 0 | |a trh |
| 610 | 2 | 0 | |a segmentácia trhu |
| 100 | 1 | |a Koudelka, J. | |